Chainsaw Man Character Quiz - Statistics

General Stats
  • This quiz has been taken 514 times
  • The average score is 18 of 28
Answer Stats
Hint Answer % Correct
Main character, once poor and living off of nothing but bread Denji / Chainsaw Man
99%
Younger sister figure to the main character, uses blood to create objects Power
97%
Older brother figure to the main character, stoic, yet softhearted Aki Hayakawa
96%
Manipulative twist villain, lives to control others Makima
96%
Main character's contract devil, one of the strongest to ever exist Pochita
93%
Cowardly supporting character, has a "secret" contract devil Kobeni Higashiyama
79%
One of the most feared devils, makes a contractwith the president of America Gun Devil
78%
Human-devil hybrid of a bomb,uses main character for his heart Reze
76%
Devil who absorbs lifespans and weaponizes them Angel Devil
74%
Chainsmoker, got the older brother figure hooked on cigarettes, contracted with the Ghost devil Himeno
70%
Takes in the main character and his sister figureto train them. Actively plots against the twist villain Kishibe
69%
Chinese devil hunter, has 4 girlfriends Quanxi
66%
Shark devil, acts as a servant to the main character, and treatshim like a master or a king Beam
64%
Devil who reincarnates said schoolgirl for the sake of defeating themain character, can turn people into weapons War Devil / Yoru
64%
Human-devil hybrid of a katana Katana Man
63%
Young schoolgirl, killed by a classmate, but later revived bya demon, turned into a fiend Asa Mitaka
61%
Devil who is friendly with most humans, and makes lots ofcontracts with many hunters Fox Devil
56%
Fiend who wears a mask to cover his power. Is more humanthan most other fiends, and is very polite, in contrast to his power Galgali / Violence / Violence Fiend
56%
Young Chinese child, incarnation of the twist villain Nayuta
53%
Private Russian devil hunter, out to get theheart of the main character, goes under many aliases Santa Claus
53%
Attempts to eat sister figure and her pet, one of the first devils tobe killed by the main character Bat Devil
46%
Devil who uses ones sense of justice and turns it into power, was contracted with a student class president until killed by the devil who reincarnated the schoolgirl Justice Devil
46%
Pet of younger sister figure and her mentor Meowy / Nyako
45%
One of the oldest and most powerful devils, is a contract devilfor the private Russian devil hunter Darkness Devil
43%
Private devil hunter tasked with the mission of protecting the main character and ensuring his identity is not revealed to the public Hirofumi Yoshida
43%
Contracted with the Snake devil, handler of the Katana hybrid Akane Sawatari
35%
Chicken devil, class pet Bucky
32%
Uses a devil to attack her school, attempting to rid it of bullies Yuko
26%
No matching quizzes found
Score Distribution
Percent of People with Each Score
Percentile by Number Answered
Your Score History
You have not taken this quiz